Vladimír Iľjič Lenin

Bibliographic Details
Other Authors: Kubasák, Ladislav (Translator)
Format: Book
Language:Slovak
Russian
PhysicalDescription:289 s. 21 cm
Published: Bratislava Pravda 1950
Edition:1. vyd.
Series:Veľké postavy
Subjects:

MARC

LEADER 00000nam a2200000 a 4500
001 vtls008994848
003 SK-MaSNL
005 20260301095028.0
008 180813s1950 xo g h 000 0dslo
020 |q (brož.) 
040 |a SNK  |b slo  |c SNK  |e AACR2 
041 1 |a slo  |h rus 
043 |a e-ur--- 
044 |a xo  |c SK 
072 7 |a 929  |x Biografie  |2 konspekt 
072 7 |a 32  |x Politika  |2 konspekt 
080 |a 929  |2 2011 
080 |a 32-051  |2 2011 
080 |a 323.272-051  |2 2011 
080 |a (47+57)  |2 2011 
080 |a (092)  |2 2011 
130 1 0 |a Lenin Vladimir Il'jič - kratkij očerk žizni i dejateľnosti  |l Slovensky  |9 429753 
245 1 0 |a Vladimír Iľjič Lenin  |c [z ruského originálu ... preložil Ladislav Kubasák] 
250 |a 1. vyd. 
260 |a Bratislava  |b Pravda  |c 1950 
300 |a 289 s.  |c 21 cm 
366 |e 20000 výt. 
490 1 |a Veľké postavy 
500 |a Viazaná 
600 1 7 |a Lenin, Vladimir Iľjič,  |d 1870-1924  |2 SNKMA  |9 101472 
650 0 7 |a politici  |2 SNKPH  |9 2679 
650 0 7 |a revolucionári  |2 SNKPH  |9 4842 
650 0 7 |a Politicians  |2 SNKPHeng  |9 281560 
650 0 7 |a Revolutionaries  |2 SNKPHeng  |9 114408 
651 7 |a Sovietsky zväz  |2 SNKPH  |9 22126 
651 7 |a Soviet Union  |2 SNKPHeng  |9 277091 
655 7 |a biografie  |2 SNKPH  |9 27965 
655 7 |a Biography  |2 SNKPHeng  |9 266314 
700 1 |a Kubasák, Ladislav  |4 trl  |9 427724 
830 0 |a Veľké postavy  |9 429754 
852 |a Štátna vedecká knižnica v Banskej Bystrici 
958 |a OND 
999 |c 681998  |d 683928 
952 |a SNK  |b SNK  |y PREZ  |7 0  |p 17A0509407  |o snkSC 128113  |i snk2007/14272  |8 1  |0 0  |1 0  |4 0  |d 2007-05-31  |l 0  |r 2025-06-17 00:00:00  |w 2026-02-23 
952 |a SNK  |b SNK  |y VYP  |7 0  |p 17A1126418  |o snkSC 128113 D1  |i snk2018/7239  |8 1  |0 0  |1 0  |4 0  |d 2018-03-27  |l 0  |r 2026-02-23 20:00:36  |w 2026-02-23